kku e-library facility

Core Anatomy for Students (Record no. 148)

MARC details
000 -LEADER
fixed length control field 00445nam a2200133 4500
005 - DATE AND TIME OF LATEST TRANSACTION
control field 20260210105127.0
008 - FIXED-LENGTH DATA ELEMENTS--GENERAL INFORMATION
fixed length control field 260210b |||||||| |||| 00| 0 eng d
020 ## - INTERNATIONAL STANDARD BOOK NUMBER
International Standard Book Number 0702020419
100 ## - MAIN ENTRY--PERSONAL NAME
Personal name Dean Christopher & Pegington John
245 ## - TITLE STATEMENT
Title Core Anatomy for Students
Remainder of title /Volume 2: The Thorax, Abdomen, Pelvis and Perineum
Statement of responsibility, etc. /Christopher Dean
260 ## - PUBLICATION, DISTRIBUTION, ETC.
Place of publication, distribution, etc. London;
Name of publisher, distributor, etc. W.B Saunders Company Ltd;
Date of publication, distribution, etc. 1996
300 ## - PHYSICAL DESCRIPTION
Extent xi,139p,ill;
Dimensions 24.5cm
942 ## - ADDED ENTRY ELEMENTS (KOHA)
Source of classification or shelving scheme Library of Congress Classification
Suppress in OPAC No
Koha item type Books

No items available.

©2025 All rights reserved. KKU